00355nam a2200133 a 4500008004100000020001500041050001800056100002000074245002800094246004500122260002500167300002000192350000900212120416s0000 ||||||||||||||||| || u a052137605X aQC 173.55 Roh aRohrlich, Fritz10aFrom paradox to reality aour basic concepts of the physical world aCambridgebCUPc1987 ax, 227p. : ill. a0.00